000 00762nam a2200253Ia 4500
003 OSt
005 20220925203507.0
006 a|||||r|||| 00| 0
007 ta
008 220923b |||||||| |||| 00| 0 eng d
037 _cGeneral Book
040 _aRTL
_cRTL
_beng
041 _2eng
_aeng
082 _aV1(Q7):74.N5, K7
100 _aBosworth Clifford Edmund
_94062
245 0 _aThe Islamic dynasties
_b A chronological and genealogical hand book(Surveys 5)
260 _aEdinburgh
_bUniversity Press UK
_c1967
300 _a245P.
_ccm.
490 _aIslamic Surveys No.5
500 _aIndex:P217-45
650 _aHistory
942 _hV1(Q7):74.N5, K7
_cGB
_2CC
999 _c546707
_d546707